000 00969cam a2200277 i 4500
001 1294830
003 OSt
005 20230622141837.0
008 760923s1976 ke b 001 0 eng
010 _a 76369164
020 _a0195723740 :
_c$15.75
040 _aDLC
_cDLC
_dDLC
043 _af-gh---
_af-tz---
_af-ug---
082 0 0 _a329.69
_bBAR
100 1 _aBarkan, Joel D.
245 1 3 _aAn African dilemma :
_buniversity students, development, and politics in Ghana, Tanzania, and Uganda /
_cJoel D. Barkan.
260 _aNairobi ;
_aNew York :
_bOxford University Press,
_c1975 [i.e. 1976]
300 _axvii, 259 p. ;
_c22 cm.
500 _aIncludes index.
504 _aBibliography: p. [247]-254.
650 0 _aCollege students
_xPolitical activity
_zGhana.
650 0 _aCollege students
_xPolitical activity
_zTanzania.
650 0 _aCollege students
_xPolitical activity
_zUganda.
906 _a7
_bcbc
_corignew
_du
_encip
_f19
_gy-gencatlg
942 _2ddc
_cBK
999 _c2350
_d2350